Краткосрочное прогнозирование энергопотребления с учетом метеофакторов; Электроэнергетика глазами молодежи; Т. 2

Bibliografski detalji
Parent link:Электроэнергетика глазами молодежи: сборник докладов V международной молодежной научно-технической конференции, г. Томск, 10-14 ноября 2014 г./ Национальный исследовательский Томский политехнический университет (ТПУ) ; ред. кол. Р. А. Вайнштейн и [др.].— , 2014
Т. 2.— 2014.— [С. 244-247]
Glavni autor: Бородин А. А.
Autor kompanije: Национальный исследовательский Томский политехнический университет (ТПУ) Энергетический институт (ЭНИН) Кафедра электроснабжения промышленных предприятий (ЭПП)
Daljnji autori: Готман В. И. Владимир Иванович (научный руководитель)
Sažetak:Заглавие с титульного экрана
Jezik:ruski
Izdano: 2014
Serija:Эксплуатация, рынок и инновационное развитие электроэнергетических систем
Teme:
Online pristup:http://earchive.tpu.ru/handle/11683/69877
http://www.lib.tpu.ru/fulltext/c/2014/C86/V2/046.pdf
Format: Elektronički Poglavlje knjige
KOHA link:https://koha.lib.tpu.ru/cgi-bin/koha/opac-detail.pl?biblionumber=609728

MARC

LEADER 00000naa2a2200000 4500
001 609728
005 20260325154804.0
035 |a (RuTPU)RU\TPU\conf\7256 
090 |a 609728 
100 |a 20141202d2014 k y0rusy50 ca 
101 0 |a rus 
102 |a RU 
135 |a drgn ---uucaa 
181 0 |a i  
182 0 |a b 
200 1 |a Краткосрочное прогнозирование энергопотребления с учетом метеофакторов  |f А. А. Бородин  |g науч. рук. В. И. Готман 
203 |a Текст  |c электронный 
225 1 |a Эксплуатация, рынок и инновационное развитие электроэнергетических систем 
300 |a Заглавие с титульного экрана 
320 |a [Библиогр.: 247 (6 назв.)] 
337 |a Adobe Reader 
461 1 |0 (RuTPU)RU\TPU\conf\7165  |t Электроэнергетика глазами молодежи  |o сборник докладов V международной молодежной научно-технической конференции, г. Томск, 10-14 ноября 2014 г.  |o в 2 т.  |f Национальный исследовательский Томский политехнический университет (ТПУ) ; ред. кол. Р. А. Вайнштейн и [др.]  |d 2014 
463 0 |0 (RuTPU)RU\TPU\conf\7172  |t Т. 2  |v [С. 244-247]  |d 2014 
610 1 |a труды учёных ТПУ 
610 1 |a электронный ресурс 
610 1 |a прогнозирование 
610 1 |a энергопотребление 
610 1 |a метеофакторы 
610 1 |a электроэнергия 
700 1 |a Бородин  |b А. А. 
702 1 |a Готман  |b В. И.  |c специалист в области электротехники  |c доцент Томского политехнического университета, кандидат технических наук  |f 1941-  |g Владимир Иванович  |4 727 
712 0 2 |a Национальный исследовательский Томский политехнический университет (ТПУ)  |b Энергетический институт (ЭНИН)  |b Кафедра электроснабжения промышленных предприятий (ЭПП)  |3 (RuTPU)RU\TPU\col\18676 
801 2 |a RU  |b 63413507  |c 20141124  |g RCR 
801 2 |a RU  |b 63413507  |c 20220228  |g RCR 
856 4 |u http://earchive.tpu.ru/handle/11683/69877 
856 4 |u http://www.lib.tpu.ru/fulltext/c/2014/C86/V2/046.pdf 
942 |c BK